[Event "IND-ch"]
[Site "Nagpur"]
[Date "1999.03.28"]
[Round "6"]
[White "Mishra, Neeraj Kumar"]
[Black "Sashikiran, Krishnan"]
[Result "0-1"]
[WhiteElo "2363"]
[BlackElo "2525"]

1.d4 Nf6 2.c4 g6 3.Nc3 d5 4.cxd5 Nxd5 5.e4 Nxc3 6.bxc3 Bg7 7.Bc4 O-O 8.Ne2 c5
9.Be3 Nc6 10.O-O Na5 11.Bd3 cxd4 12.cxd4 b6 13.Rc1 e6 14.Qa4 Bd7 15.Qa3 Re8
16.Ba6 b5 17.Bd2 Nc4 18.Rxc4 bxc4 19.Ba5 Bf8 20.Qc3 Qe7 21.Qxc4 Rab8 22.f4 Qa3
23.Qc3 Bb5 24.Bxb5 Rxb5 25.Qxa3 Bxa3 26.Bc3 Bb2 27.Rf3 Rc8 28.h3 Bxc3 29.Nxc3 Rb4
30.Rd3 a6 31.Kf2 Rbc4 32.Ne2 Kf8 33.Ra3 Rc2 34.Rxa6 Rd2 35.Ra3 Rcc2 36.Re3 Rxd4
37.Kf3 Rdd2 38.a3 h5 39.g4 h4 40.g5 Kg7 41.e5 Ra2 42.Kf2 Rd1 43.Kf3 Rf1+
44.Ke4 Rc2 45.Kd3 Rc8 46.Kd2 Ra1 47.Nd4 Ra2+ 48.Kd1 Rd8 49.Rd3 Kh7 50.Ke1 Rc2
51.Nxc2 Rxd3 52.Ke2 Rxh3 53.Ne3 Rh2+ 54.Kf3 Ra2  0-1

[Event "Team Match 2nd"]
[Site "San Francisco"]
[Date "1999.03.30"]
[Round "7"]
[White "Fuhrmann, Dirk"]
[Black "Mont Reynaud, Jordy"]
[Result "1-0"]
[WhiteElo "2165"]
[BlackElo "2225"]

1.d4 Nf6 2.c4 g6 3.Nc3 d5 4.cxd5 Nxd5 5.e4 Nxc3 6.bxc3 Bg7 7.Nf3 c5 8.Rb1 O-O
9.Be2 Qa5 10.Qd2 Rd8 11.Rb5 Qc7 12.Rxc5 Qxc5 13.dxc5 Rxd2 14.Kxd2 Nc6 15.Kc2 Be6
16.Rd1 Na5 17.Kb2 Rc8 18.Be3 Bc4 19.Bd3 Rd8 20.Ne1 Bb5 21.Rd2 Bxd3 22.Rxd3 Nc4+
23.Kb3 Rxd3 24.Nxd3 Nxe3 25.fxe3 Bh6 26.Nf4 Kf8 27.Kc4 Ke8 28.Kb5 Kd7 29.Nd5 Bg5
30.a4 e6 31.Nf4 Bf6 32.Kc4 Be5 33.h3 Kc6 34.Ne2 a6 35.Nd4+ Kc7 36.Nf3 Bf6
37.e5 Be7 38.Nd2 Bg5 39.Kd4 f5 40.exf6 Bxf6+ 41.Kc4 h6 42.Ne4 Be5 43.g4 Kc6
44.Nd2 Bf6 45.e4 Be7 46.Nb3 e5 47.Na5+ Kc7 48.Kd5  1-0

[Event "Mitropa Cup"]
[Site "Baden"]
[Date "1999.04.01"]
[Round "1"]
[White "Polak, Tomas"]
[Black "Pelletier, Yannick"]
[Result "1/2-1/2"]
[WhiteElo "2488"]
[BlackElo "2483"]

1.d4 Nf6 2.c4 g6 3.Nc3 d5 4.cxd5 Nxd5 5.e4 Nxc3 6.bxc3 Bg7 7.Nf3 c5 8.Rb1 O-O
9.Be2 Nc6 10.d5 Ne5 11.Nxe5 Bxe5 12.Qd2 e6 13.f4 Bc7 14.O-O exd5 15.exd5 Ba5
16.f5 Bxf5 17.Rxb7 Qf6 18.Bb2 Rfb8 19.Rb3 Qd6 20.Ba3 Rxb3 21.axb3 Be4 22.Bc4 Rd8
23.Qf2 Bxd5 24.Bxc5 Qc7 25.Bd4 Bb6  1/2-1/2

[Event "Mitropa Cup"]
[Site "Baden"]
[Date "1999.04.02"]
[Round "2"]
[White "Kozul, Zdenko"]
[Black "Stohl, Igor"]
[Result "0-1"]
[WhiteElo "2585"]
[BlackElo "2573"]

1.d4 Nf6 2.c4 g6 3.Nc3 d5 4.cxd5 Nxd5 5.e4 Nxc3 6.bxc3 Bg7 7.Be3 c5 8.Qd2 Qa5
9.Rb1 b6 10.Rc1 Ba6 11.Bxa6 Qxa6 12.h4 Nc6 13.Bh6 Bxh6 14.Qxh6 cxd4 15.Nf3 Qd3
16.Qg7 Qxe4+ 17.Kf1 O-O-O 18.cxd4 Kb8 19.h5 Nxd4 20.Qe5+ Qxe5 21.Nxe5 Rd5
22.Nxf7 Rf8 23.hxg6 hxg6 24.Nh8 Rf6 25.Rd1 Rc5 26.Rh7 e5 27.Nf7 Re6 28.f4 Rf6
29.g3 Nf5 30.Rd8+ Kc7 31.Rd3 exf4 32.gxf4 Ne7 33.Rd4 Rcf5 34.Ne5 Rxe5  0-1

[Event "Mitropa Cup"]
[Site "Baden"]
[Date "1999.04.02"]
[Round "2"]
[White "Jelen, Igor"]
[Black "Naumann, Alexander"]
[Result "1/2-1/2"]
[WhiteElo "2389"]
[BlackElo "2480"]

1.d4 Nf6 2.c4 g6 3.Nc3 d5 4.cxd5 Nxd5 5.e4 Nxc3 6.bxc3 Bg7 7.Nf3 c5 8.Rb1 O-O
9.Be2 cxd4 10.cxd4 Qa5+ 11.Bd2 Qxa2 12.O-O Na6 13.Qc1 Qe6 14.Re1 Qd6 15.Bf4 Qd8
16.Rd1 Nb8 17.d5 b6 18.Bc7 Qd7 19.Bb5 Qg4 20.Qe3 Ba6 21.Ba4 b5 22.Bxb5 Bxb5
23.Rxb5 Qd7 24.Rxb8 Rfxb8 25.Bxb8 Rxb8 26.h3 a5 27.e5 a4 28.Rd4 Rb3 29.Qf4 a3
30.e6 fxe6 31.dxe6 Qe8 32.Ra4 h6 33.Qe4 Kh7 34.Nh4 Bf6 35.Ra8 Qxa8 36.Qxa8 Bxh4
37.Qa4 Rb1+ 38.Kh2 Bxf2 39.Qxa3 Bh4 40.Qa4 Bf6 41.Qe8 g5 42.Qf7+ Kh8 43.Qg6 Rb4
44.Qxh6+ Kg8 45.Qg6+ Kh8 46.Kg3 Rf4 47.Kh2 Rd4 48.Kg1 Rd6 49.Qf7 Rd2 50.Kf1 Rd4
51.Ke2 Rc4 52.g4 Rc5 53.Kd2 Rd5+ 54.Kc2 Rc5+ 55.Kb1 Re5 56.Kc2 Rc5+ 57.Kd3 Re5
58.Kc4 Re4+ 59.Kc5 Re3 60.Kd5 Rxh3 61.Ke4 Rh1 62.Kf5 Rh6 63.Ke4 Rh1 64.Kf5  1/2-1/2

[Event "Dreifluesse op 7th"]
[Site "Passau"]
[Date "1999.04.02"]
[Round "1"]
[White "Hefter, Franz"]
[Black "Schneider, Heiko"]
[Result "0-1"]
[WhiteElo "1820"]
[BlackElo "2252"]

1.d4 Nf6 2.c4 g6 3.Nc3 d5 4.cxd5 Nxd5 5.e4 Nxc3 6.bxc3 Bg7 7.Bc4 c5 8.Ne2 O-O
9.O-O Nc6 10.Be3 Qc7 11.Rc1 Rd8 12.Qd2 a6 13.h3 b5 14.Bd3 Bb7 15.f4 Qd7 16.d5 e6
17.c4 bxc4 18.Bxc4 exd5 19.Bxd5 Nb4 20.Rxc5 Nxd5 21.exd5 Bf8 22.Ra5 Bxd5
23.Bb6 Bb7 24.Qb2 Bg7 25.Qb4 Qd2 26.Qxd2 Rxd2 27.Rf2 Re8 28.Ng3 Rd6 29.Ba7 Re1+
30.Kh2 Rdd1 31.Ra3 h5 32.h4 Bf6 33.Rb3 Bd5 34.Rb8+ Kg7 35.Bc5 Bxh4 36.Bd6 Rd3
37.f5 Ree3 38.f6+ Kh7 39.Nf5 Bxf2 40.Nxe3 Rxe3 41.Bf8 Bg3+  0-1

[Event "Dreifluesse op 7th"]
[Site "Passau"]
[Date "1999.04.03"]
[Round "3"]
[White "Franz, Gerhard"]
[Black "Adler, Haymo"]
[Result "1-0"]
[WhiteElo "2165"]
[BlackElo "1889"]

1.d4 Nf6 2.c4 g6 3.Nc3 d5 4.cxd5 Nxd5 5.e4 Nxc3 6.bxc3 Bg7 7.Bc4 c5 8.Ne2 Nc6
9.Be3 O-O 10.O-O Na5 11.Bd3 c4 12.Bc2 b5 13.Qd2 Qc7 14.f4 Ba6 15.Rab1 Rad8
16.f5 Nc6 17.Rf3 b4 18.fxg6 hxg6 19.Rff1 bxc3 20.Qxc3 Qd7 21.Rfd1 Qg4 22.Rd2 Rb8
23.Qa3 Rxb1+ 24.Bxb1 Rb8 25.Nc3 Bc8 26.Bc2 f5 27.Bd1 Qh4 28.g3 Qf6 29.e5 Nxe5
30.dxe5 Qxe5 31.Nd5 c3 32.Qxc3 Qxc3 33.Nxc3 Bxc3 34.Bb3+ Rxb3 35.Rd8+  1-0

[Event "Dreifluesse op 7th"]
[Site "Passau"]
[Date "1999.04.03"]
[Round "3"]
[White "Hefter, Franz"]
[Black "Neumueller, Theo"]
[Result "0-1"]
[WhiteElo "1820"]
[BlackElo "2145"]

1.d4 Nf6 2.c4 g6 3.Nc3 d5 4.cxd5 Nxd5 5.e4 Nxc3 6.bxc3 Bg7 7.Bc4 O-O 8.Ne2 c5
9.O-O Nc6 10.Be3 Qc7 11.Rc1 Rd8 12.Qd2 a6 13.h3 b5 14.Bd5 Bb7 15.Bxc6 Bxc6
16.f3 Rac8 17.Rfd1 Qa5 18.Qe1 Qxa2 19.Ra1 Qc4 20.Rxa6 b4 21.Ra5 Bb5 22.Kf2 bxc3
23.dxc5 c2 24.Rd2 Rxd2 25.Qxd2 Qxe2+ 26.Qxe2 Bxe2 27.Kxe2 Bb2 28.Kd3 c1=Q
29.Bxc1 Bxc1 30.Kc4 Bd2 31.Ra2 Be3 32.Ra5 Rc7 33.h4 Kg7 34.h5 gxh5 35.Kd5 Kf6
36.e5+ Kf5 37.c6 Bf4 38.Ra1 Bxe5 39.Rh1 e6+ 40.Kc5 Kg5 41.Kb6 Rc8 42.Rc1 Rb8+
43.Ka7 Bc7 44.Rd1 Re8 45.Rc1 Bf4 46.Rc4 f5 47.Kb7 Be5 48.Kb6 f4 49.c7 Rc8
50.Rc5 Kf6 51.Kb7 Rxc7+ 52.Rxc7 Bxc7 53.Kxc7 Kg5 54.Kd6 Kh4 55.Kxe6 Kg3 56.Kf5 h4
57.Kg5 Kxg2  0-1

[Event "Dreifluesse op 7th"]
[Site "Passau"]
[Date "1999.04.03"]
[Round "4"]
[White "Auerweck, Robert"]
[Black "Burggraf, Michael"]
[Result "1-0"]
[WhiteElo "1769"]
[BlackElo "2060"]

1.d4 Nf6 2.c4 g6 3.Nc3 d5 4.cxd5 Nxd5 5.e4 Nxc3 6.bxc3 Bg7 7.Nf3 O-O 8.Be2 c5
9.O-O cxd4 10.cxd4 Nc6 11.Be3 Bg4 12.e5 Qd5 13.h3 Bf5 14.Qd2 a5 15.Rac1 Qd7
16.Rfd1 Be4 17.Ng5 Bd5 18.Bg4 e6 19.h4 h6 20.Nf3 h5 21.Bh3 Bxf3 22.gxf3 Qd5
23.Qe2 Rfc8 24.Rc5 Qd8 25.d5 exd5 26.Bg5 Qf8 27.Rcxd5 Re8 28.Qb5 Nxe5 29.Bd7 Nxd7
30.Rxd7 Qa3 31.Qxb7 Qxa2 32.Be3 Rab8 33.Qc6 Rb1 34.Bc1 Qb3 35.Rd8 Rf8 36.Rxf8+ Bxf8
37.Rd8 Qb2 38.Rc8 Kg7 39.Kg2 Qb4 40.Bg5 Qd6 41.Qc3+ Kg8 42.Bh6 Rb8 43.Qg7+  1-0

[Event "Czerniak mem 15th"]
[Site "Tel Aviv"]
[Date "1999.04.03"]
[Round "4"]
[White "Blees, Albert"]
[Black "Greenfeld, Alon"]
[Result "1/2-1/2"]
[WhiteElo "2431"]
[BlackElo "2521"]

1.d4 Nf6 2.c4 g6 3.Nc3 d5 4.cxd5 Nxd5 5.e4 Nxc3 6.bxc3 Bg7 7.Bc4 c5 8.Ne2 Nc6
9.Be3 O-O 10.Rc1 cxd4 11.cxd4 Qa5+ 12.Kf1 Bd7 13.f3 Rac8 14.Kf2 b5 15.Bb3 Qa6
16.h4 Na5 17.h5 Rxc1 18.Qxc1 Nxb3 19.axb3 Rc8 20.Qa1 Qxa1 21.Rxa1 Ra8 22.hxg6 hxg6
23.Bd2 e6 24.Bb4 Bf6 25.Ke3 Bd8 26.Ba5 Be7 27.Nc1 Rc8 28.Nd3 Rc2 29.Bd2 Rc7
30.Ra2 Kf8 31.g4 g5 32.Be1 Be8 33.Bg3 Rc3 34.d5 exd5 35.exd5 Rxb3 36.d6 Bd8
37.Kd2 a5 38.Ne5 f6 39.Rc2 fxe5 40.Rc8 Bg6 41.Rxd8+ Kf7 42.Bxe5 Ke6 43.d7 Rd3+
44.Ke1 b4 45.Bb2 Rxd7 46.Ra8 Rd3 47.Ra6+ Kf7 48.Ra7+ Ke8 49.Ra8+  1/2-1/2

[Event "Budapest FS04 GM"]
[Site "Budapest"]
[Date "1999.04.04"]
[Round "2"]
[White "Hoang Th Trang"]
[Black "Balinov, Ilija"]
[Result "1/2-1/2"]
[WhiteElo "2450"]
[BlackElo "2434"]

1.d4 Nf6 2.c4 g6 3.Nc3 d5 4.cxd5 Nxd5 5.e4 Nxc3 6.bxc3 Bg7 7.Bb5+ c6 8.Ba4 O-O
9.Ne2 Nd7 10.O-O e5 11.Be3 Qe7 12.Qc2 Nb6 13.Bb3 Be6 14.f4 exd4 15.Nxd4 Bd5
16.Bxd5 Nxd5 17.Bd2 Qc5 18.Qd3 Nb4 19.Qe3 Rad8 20.e5 Nd5 21.Qg3 Rfe8 22.Kh1 Qc4
23.Nf3 Ne7 24.Qf2 c5 25.a4 Rd3 26.a5 Red8 27.Rab1 R3d7 28.Rfe1 Nc6 29.f5 gxf5
30.Bg5 Re8 31.Bf6 Re6 32.Ng5 Bxf6 33.Nxe6 Bh4  1/2-1/2

[Event "Dreifluesse op 7th"]
[Site "Passau"]
[Date "1999.04.04"]
[Round "5"]
[White "Markl, Martin"]
[Black "Bromberger, Stefan"]
[Result "0-1"]
[WhiteElo "2100"]
[BlackElo "2288"]

1.d4 Nf6 2.c4 g6 3.Nc3 d5 4.cxd5 Nxd5 5.e4 Nxc3 6.bxc3 Bg7 7.Bc4 c5 8.Be3 Nc6
9.Ne2 O-O 10.O-O Bg4 11.f3 Na5 12.Bxf7+ Rxf7 13.fxg4 Rxf1+ 14.Kxf1 Qd6 15.Kg1 Qe6
16.Ng3 cxd4 17.Bxd4 Rd8 18.Qa4 b6 19.Bxg7 Kxg7 20.Rd1 Qc4 21.Qxc4 Rxd1+ 22.Qf1 Rxf1+
23.Kxf1 Kf6 24.Ke2 Ke5 25.Kf3 Nc4 26.Nf1 g5 27.Ng3 e6 28.Nf1 b5 29.Ng3 h6
30.Nf1 a5 31.Ng3 b4 32.cxb4 axb4 33.Ne2 Nd2+ 34.Ke3 Nf1+ 35.Kd3 Nxh2 36.Nd4 Nxg4
37.Nc6+ Kf4 38.Nxb4 Ne5+ 39.Kd4 h5 40.a4 h4 41.Nd3+ Nxd3 42.Kxd3 g4 43.a5 h3
44.gxh3 gxh3 45.a6 h2 46.a7 h1=Q 47.a8=Q Qf3+ 48.Kd2 Qe3+ 49.Kd1 Qd3+ 50.Kc1 Qc4+
51.Kd2 Qd4+ 52.Kc1 Qc5+ 53.Kd2 Qd4+ 54.Kc1 Qxe4 55.Qf8+ Ke3 56.Qh6+ Kd4 57.Qd2+ Qd3
58.Qf4+ Kc3 59.Qe5+ Qd4 60.Qe1+ Kd3 61.Qf1+ Ke4 62.Qg2+ Kf4 63.Qh2+ Ke4 64.Qg2+ Kf5
65.Qh3+ Ke5 66.Qh8+ Kd5 67.Qa8+ Kc4 68.Qa2+ Kc3 69.Qa3+ Kc4 70.Qa2+ Kd3 71.Qd2+ Ke4
72.Qg2+ Kf5 73.Qh3+ Qg4 74.Qh7+ Kf4 75.Qh6+ Ke4 76.Qh1+ Kd3 77.Qh7+ Qe4 78.Qd7+ Qd4
79.Qh7+ Kc4 80.Qg8 Qf4+ 81.Kc2 Qe4+ 82.Kc1 Kd3 83.Kb2 e5 84.Qg3+ Ke2 85.Qh2+ Ke3
86.Qg1+ Kd2 87.Qg5+ Qe3 88.Qg8 Qb6+ 89.Ka3 Qa5+ 90.Kb3 Qb5+ 91.Ka3 e4 92.Qg2+ Qe2
93.Qg6 Qd3+ 94.Ka4 e3 95.Qg5 Kd1 96.Qg1+ Kc2 97.Qh2+ e2 98.Qc7+ Kd1 99.Qf4 Qc2+
100.Ka3 Qc1+  0-1

[Event "Dreifluesse op 7th"]
[Site "Passau"]
[Date "1999.04.04"]
[Round "5"]
[White "Vogel, Robert"]
[Black "Neumueller, Theo"]
[Result "1/2-1/2"]
[WhiteElo "2290"]
[BlackElo "2145"]

1.d4 Nf6 2.c4 g6 3.Nc3 d5 4.cxd5 Nxd5 5.e4 Nxc3 6.bxc3 Bg7 7.Bc4 O-O 8.Ba3 Nd7
9.Nf3 c5 10.O-O Qa5 11.Qb3 b5 12.Bd5 Rb8 13.dxc5 Qc7 14.Ng5 Nxc5 15.Qb4 Ne6
16.Bxe6 Bxe6 17.Nxe6 fxe6 18.Qxe7 Qxe7 19.Bxe7 Rfc8 20.Bd6 Rb6 21.e5 Rxc3
22.Rfc1 Rbc6 23.Rxc3 Rxc3 24.g3 Rc4 25.Kg2 Kf7 26.Kf3 Bh6 27.Rb1 a6 28.Rb4 Rc3+
29.Kg2 Rc2 30.a4 bxa4 31.Rxa4 Be3 32.Rxa6 Bxf2 33.Kf3 Bg1 34.h4 Bh2 35.Ra7+ Kg8
36.g4 Rc3+ 37.Kg2 Bg3 38.Kh3 Bf4+ 39.Kg2 Rc2+ 40.Kh3 Rb2 41.g5 h5 42.gxh6 Bxh6
43.Re7 Bf8 44.Re8 Rf2 45.Kg4 Kg7 46.Bxf8+ Rxf8 47.Rxf8 Kxf8 48.Kf4 Kf7 49.Ke3 Kg7
50.Kd4 g5 51.hxg5 Kg6 52.Ke4 Kxg5 53.Ke3 Kf5 54.Kf3 Kxe5 55.Ke3 Kd5 56.Kd3 Kc5
57.Ke4 Kc6 58.Ke5 Kd7 59.Ke4 Kd6 60.Kd4 e5+  1/2-1/2

[Event "Dreifluesse op 7th"]
[Site "Passau"]
[Date "1999.04.04"]
[Round "6"]
[White "Nuska, Martin "]
[Black "Sakowski, Christian"]
[Result "1/2-1/2"]
[WhiteElo "1793"]
[BlackElo "1631"]

1.d4 Nf6 2.c4 g6 3.Nc3 d5 4.cxd5 Nxd5 5.e4 Nxc3 6.bxc3 Bg7 7.Nf3 c5 8.Be3 O-O
9.Rb1 cxd4 10.cxd4 Nc6 11.h3 Qa5+ 12.Bd2 Qd8 13.Be3 Qa5+ 14.Bd2 Qd8  1/2-1/2

[Event "Dreifluesse op 7th"]
[Site "Passau"]
[Date "1999.04.05"]
[Round "7"]
[White "Paul, Andreas"]
[Black "Hedler, Thomas"]
[Result "0-1"]
[WhiteElo "1594"]
[BlackElo "1796"]

1.d4 Nf6 2.c4 g6 3.Nc3 d5 4.cxd5 Nxd5 5.e4 Nxc3 6.bxc3 Bg7 7.Bc4 c5 8.Ne2 O-O
9.O-O Nc6 10.Be3 Na5 11.Bb3 c4 12.Bc2 e6 13.f4 Bd7 14.Qd2 f5 15.Ng3 h5 16.Rfd1 h4
17.Nf1 Kh7 18.e5 Bc6 19.Qf2 Bh6 20.Nd2 h3 21.Nf3 Qd5 22.Rf1 hxg2 23.Qxg2 Qd8
24.Bd1 Rh8 25.Ng5+ Bxg5 26.Qxg5 Qxg5+ 27.fxg5 Be4 28.h4 Kg7 29.Bf2 Nc6 30.Be1 Ne7
31.Bf3 Bd3 32.Bxb7 Rab8 33.Bf3 Bxf1 34.Kxf1 Rb2 35.Be2 Nd5 36.a4 f4 37.Bf2 Rhb8
38.Be1 f3  0-1

[Event "Bronstein jubilee"]
[Site "San Francisco"]
[Date "1999.04.06"]
[Round "2"]
[White "Browne, Walter S"]
[Black "Gurevich, Ilya"]
[Result "0-1"]
[WhiteElo "2516"]
[BlackElo "2580"]

1.d4 Nf6 2.c4 g6 3.Nc3 d5 4.cxd5 Nxd5 5.e4 Nxc3 6.bxc3 Bg7 7.Nf3 c5 8.Rb1 O-O
9.Be2 Nc6 10.d5 Ne5 11.Nxe5 Bxe5 12.Qd2 Bg7 13.c4 e6 14.Bb2 Bxb2 15.Rxb2 exd5
16.exd5 b6 17.O-O Bd7 18.Rb3 Qf6 19.Rf3 Qe5 20.Re3 Qf6 21.Rf3 Qe5 22.Bd3 Rae8
23.Qh6 f5 24.g3 Qg7 25.Qxg7+ Kxg7 26.h4 Re5 27.Re3 Kf6 28.Rd1 Rfe8 29.Rxe5 Kxe5
30.f4+ Kd6 31.Kf2 a6 32.h5 b5 33.hxg6 hxg6 34.Rh1 bxc4 35.Bxc4 Bb5 36.Bb3 c4
37.Bd1 Kxd5 38.Rh6 Re6 39.a4 Be8 40.Rh7 Ke4 41.Rc7 Kd3 42.Rc5 Bc6 43.a5 Ke4  0-1

[Event "Budapest FS04 IM-B"]
[Site "Budapest"]
[Date "1999.04.08"]
[Round "6"]
[White "Leskiewicz, Maksymilian"]
[Black "Khechumyan, Gagik"]
[Result "1-0"]
[WhiteElo "2223"]
[BlackElo "2372"]

1.d4 Nf6 2.c4 g6 3.Nc3 d5 4.cxd5 Nxd5 5.e4 Nxc3 6.bxc3 Bg7 7.Bb5+ Bd7 8.Be2 c5
9.Nf3 O-O 10.O-O cxd4 11.cxd4 Bg4 12.Rb1 Bxf3 13.Bxf3 Qxd4 14.Rxb7 Qc4 15.Qd5 Qa6
16.e5 e6 17.Qd6 Qa5 18.Bd2 Qxa2 19.Rb5 Nc6 20.Bxc6 Rad8 21.Bd7 a6 22.Ra5 Qb2
23.Bg5 Bxe5 24.Rxe5 Rxd7 25.Qxd7 Qxe5 26.Bh6 Rb8 27.Rd1 Qf6 28.Qc7 Re8 29.Be3 Kg7
30.h3 e5 31.Rd6 Re6 32.Rd8 h6 33.Ra8 g5 34.Qc8 Kg6 35.Qc2+ Kg7 36.Bc5 Qg6
37.Qb2 h5 38.Qb8 Kh6 39.h4 Qe4 40.Qh8+ Kg6  1-0

[Event "Hampstead GM 5th"]
[Site "London"]
[Date "1999.04.13"]
[Round "7"]
[White "Buckley, Graeme"]
[Black "Gormally, Daniel"]
[Result "0-1"]
[WhiteElo "2285"]
[BlackElo "2456"]

1.d4 Nf6 2.c4 g6 3.Nc3 d5 4.cxd5 Nxd5 5.e4 Nxc3 6.bxc3 Bg7 7.Bc4 c5 8.Ne2 Nc6
9.Be3 O-O 10.O-O Qc7 11.Rc1 Rd8 12.Qa4 Bd7 13.Qa3 Na5 14.Bd3 e5 15.f4 c4
16.Bb1 Bg4 17.Ng3 exd4 18.cxd4 Bxd4 19.Bxd4 Rxd4 20.f5 Rad8 21.Qe3 Rd1 22.Kh1 Rxf1+
23.Rxf1 Qb6 24.Qc1 Nc6 25.h3 Qc7 26.Kh2 Be2 27.Qh6 Nd4 28.Rf4 Qe5 29.f6 Ne6
30.Rf2 Bd3 31.Bxd3 Rxd3 32.Rf3 Rxf3 33.gxf3 Qb2+ 34.Kg1 Qxf6 35.Qe3 Qa1+
36.Nf1 Qxa2 37.f4 Qb3 38.Qxa7 Qxh3 39.Qb8+ Nf8 40.Qc7 Qf3  0-1

[Event "POL-ch"]
[Site "Polanica Zdroj"]
[Date "1999.04.25"]
[Round "3"]
[White "Gdanski, Jacek"]
[Black "Markowski, Tomasz"]
[Result "1/2-1/2"]
[WhiteElo "2530"]
[BlackElo "2549"]

1.d4 Nf6 2.c4 g6 3.Nc3 d5 4.cxd5 Nxd5 5.e4 Nxc3 6.bxc3 Bg7 7.Bc4 c5 8.Ne2 Nc6
9.Be3 O-O 10.O-O Bd7 11.Rc1 Rc8 12.h3 Na5 13.Bd3 e5 14.dxe5 Be6 15.c4 Bxe5
16.f4 Bd4 17.Nxd4 cxd4 18.Bf2 Nxc4 19.Qe2 Ne3 20.Rxc8 Bxc8 21.Bxe3 dxe3 22.Qxe3 Qd6
23.Bc4 Be6 24.e5 Qc6 25.Bxe6 Qxe6 26.Qxa7 Rd8 27.Rf2 Rd7 28.Qe3 Qf5 29.Kh2 Rd3
30.Qe2 Rd4 31.Qg4 Qe4 32.Qf3 Qxf3 33.Rxf3 Ra4 34.a3 b5 35.Rb3 Rxf4 36.Rxb5 Ra4
37.Rb3 h5 38.Kg3 Kf8 39.Kf3 Ke7 40.Re3 Ke6 41.Ke2 Rd4 42.Rd3 Ra4 43.Re3 Rd4
44.Rf3 Ra4 45.Re3  1/2-1/2

[Event "IND-ROW m"]
[Site "Bali"]
[Date "1999.05.06"]
[Round "5"]
[White "Barus, Cerdas"]
[Black "Van den Doel, Erik"]
[Result "1-0"]
[WhiteElo "2465"]
[BlackElo "2535"]

1.d4 Nf6 2.c4 g6 3.Nc3 d5 4.cxd5 Nxd5 5.e4 Nxc3 6.bxc3 Bg7 7.Nf3 c5 8.Rb1 O-O
9.Be2 Nc6 10.d5 Ne5 11.Nxe5 Bxe5 12.Qd2 e6 13.f4 Bc7 14.Bc4 e5 15.Qf2 b5
16.Bxb5 f5 17.Bc4 Kh8 18.fxe5 Bxe5 19.O-O Bd7 20.Bf4 Bxc3 21.Qg3 Bd4+ 22.Kh1 Qe7
23.Bd6 Qxe4 24.Rbe1 Qc2 25.Be5+ Kg8 26.Bb3 f4 27.d6+ c4 28.Bxc2 fxg3 29.Rxf8+ Rxf8
30.Bxd4  1-0

[Event "Dubai op"]
[Site "Dubai"]
[Date "1999.05.07"]
[Round "7"]
[White "Labib, Ibrahim Hasan"]
[Black "Hamdouchi, Hichem"]
[Result "0-1"]
[WhiteElo "2405"]
[BlackElo "2564"]

1.d4 Nf6 2.c4 g6 3.Nc3 d5 4.cxd5 Nxd5 5.e4 Nxc3 6.bxc3 Bg7 7.Bb5+ Bd7 8.Be2 c5
9.Rb1 Qa5 10.Bd2 Qxa2 11.Nf3 O-O 12.O-O cxd4 13.cxd4 Ba4 14.Qc1 Qe6 15.Qa3 Qd7
16.Rfc1 Na6 17.Bg5 e6 18.Qe3 f6 19.Bf4 Rfc8 20.e5 f5 21.g4 Rxc1+ 22.Rxc1 Nb4
23.gxf5 gxf5 24.Bh6 Nd5 25.Qg5 Kh8 26.Kh1 Rg8 27.Rg1 Bc6 28.h3 Nc3  0-1

[Event "Capablanca mem Premier I"]
[Site "Havana"]
[Date "1999.05.07"]
[Round "1"]
[White "Vilela, Jose Luis"]
[Black "Herrera, Irisberto"]
[Result "0-1"]
[WhiteElo "2396"]
[BlackElo "2450"]

1.d4 Nf6 2.c4 g6 3.Nc3 d5 4.cxd5 Nxd5 5.e4 Nxc3 6.bxc3 Bg7 7.Nf3 c5 8.Rb1 O-O
9.Be2 Nc6 10.d5 Ne5 11.Nxe5 Bxe5 12.Qd2 b6 13.O-O e6 14.f4 Bg7 15.d6 e5 16.Bb2 Bb7
17.Bc4 Qd7 18.Bd5 Rad8 19.Rbd1 Bxd5 20.Qxd5 exf4 21.e5 Qf5 22.c4 Rfe8 23.Rfe1 g5
24.a4 Qe6 25.a5 Qxd5 26.Rxd5 h6 27.Ra1 Rd7 28.axb6 axb6 29.Ra6 Rb8 30.Kf2 Kh7
31.Kf3 Kg6 32.Ke4 f5+ 33.exf6 Bxf6 34.Bxf6 Kxf6 35.Kf3 Ke6 36.h4 gxh4 37.Rh5 Rxd6
38.Rxh4 Ke5 39.Ra3 Rf8 40.Rc3 Rg6 41.Rc1 Rg3+ 42.Kf2 Rfg8 43.Re1+ Kf5 44.Rh2 R8g6
45.Rh5+ R3g5 46.Rh2 h5 47.Re2 Re6 48.Rb2 Kg4 49.Rh3 Rge5 50.Rhb3 Re4 51.Rxb6 Rxb6
52.Rxb6 Rxc4 53.Rg6+ Kf5 54.Rh6 Rc2+ 55.Kf3 Rc3+ 56.Kf2 Kg5 57.Rc6 c4 58.Rc8 h4
59.Ke2 Re3+ 60.Kf2 c3 61.Rc5+ Kg4 62.Rc8 Kf5 63.Rc4 Ke5 64.Kf1 Kd5 65.Rc8 Kd4
66.Rd8+ Kc4  0-1

[Event "ISR-chT"]
[Site "Israel"]
[Date "1999.05.08"]
[Round "11"]
[White "Zoler, Dan"]
[Black "Greenfeld, Alon"]
[Result "1/2-1/2"]
[WhiteElo "2524"]
[BlackElo "2521"]

1.d4 Nf6 2.c4 g6 3.Nc3 d5 4.cxd5 Nxd5 5.e4 Nxc3 6.bxc3 Bg7 7.Bc4 c5 8.Ne2 Nc6
9.Be3 O-O 10.O-O Bg4 11.f3 cxd4 12.cxd4 Na5 13.Bd5 Bd7 14.Rb1 a6 15.a4 e6
16.Ba2 Rc8 17.Rb4 b5 18.d5 Nc4 19.Bxc4 Rxc4 20.Rxc4 bxc4 21.Bd4 Bxd4+ 22.Qxd4 Bxa4
23.Nc3 Bb5 24.e5 exd5 25.Nxd5 Bc6 26.Nf6+ Kg7 27.Qxc4 Qb6+ 28.Kh1 Qb5 29.Qc1 Bd7
30.Re1 Be6 31.Qd2 a5 32.h3 Qb4 33.Qf2 Rd8 34.Re4 Qd2 35.Qh4 h6 36.Kh2 Qg5
37.Qe1 Rd2 38.Qg1 Qf5 39.Kh1 Qg5 40.f4 Qg3 41.Rd4 Qc3 42.Rxd2 Qxd2 43.Qc5 Qe1+
44.Kh2 Qb4 45.Ne8+ Kg8 46.Nf6+ Kg7 47.Ne8+ Kh8 48.Qe3 Kh7 49.Nf6+ Kg7 50.Ne8+ Kf8
51.Nf6 Kg7 52.Ne8+ Kf8 53.Nf6 Kg7  1/2-1/2

[Event "Budapest FS05 IM"]
[Site "Budapest"]
[Date "1999.05.09"]
[Round "9"]
[White "Gladyszev, Oleg"]
[Black "Dembo, Yelena"]
[Result "1/2-1/2"]
[WhiteElo "2388"]
[BlackElo "2180"]

1.d4 Nf6 2.c4 g6 3.Nc3 d5 4.cxd5 Nxd5 5.e4 Nxc3 6.bxc3 Bg7 7.Nf3 O-O 8.Be2 c5
9.O-O cxd4 10.cxd4 Nc6 11.Be3 Bg4 12.d5 Na5 13.Bd4 Bxd4 14.Qxd4 b6 15.e5 Bxf3
16.Bxf3 Rc8 17.d6 exd6 18.exd6 Rc4 19.Qd3 Qf6 20.Rad1 Rd8 21.Rfe1 Rd7 22.h3 Rc3
23.Qd4 Qxd4 24.Rxd4 Rc8 25.Re7 Rcd8 26.Bd5 Kf8 27.Bxf7 Rxe7 28.dxe7+ Kxe7
29.Rxd8 Kxd8 30.f4 Ke7 31.Bg8 h6 32.Kf2 Nb7 33.Ke3 Nd6 34.Kd4 Kf6 35.Bb3 Nf5+
36.Ke4 Ng3+ 37.Kf3 Nf5 38.Bd5 Nd6 39.g3 Nb5 40.Ke3 Nd6 41.Kf3 Nb5  1/2-1/2

[Event "NED-chT Playoff"]
[Site "Breda"]
[Date "1999.05.13"]
[Round "1"]
[White "Douven, Rudy C"]
[Black "Van der Heijden, AC."]
[Result "1/2-1/2"]
[WhiteElo "2400"]
[BlackElo "2195"]

1.d4 Nf6 2.c4 g6 3.Nc3 d5 4.cxd5 Nxd5 5.e4 Nxc3 6.bxc3 Bg7 7.Bc4 O-O 8.Ne2 b6
9.O-O Bb7 10.Qd3 Nc6 11.Qh3 Na5 12.Bd3 c5 13.d5 Qc8 14.Qxc8 Raxc8 15.Bg5 e6
16.dxe6 fxe6 17.Rad1 Bc6 18.Rd2 Rc7 19.f3 Rd7 20.Ba6 Rxd2 21.Bxd2 Rd8 22.Bg5 Rd6
23.Kf2 Kf7 24.Rb1 Bd7 25.Rb2 e5 26.Rd2 Rxd2 27.Bxd2 Be6 28.Nc1 Nc4 29.Bg5 h6  1/2-1/2

[Event "Tel Aviv super 1st"]
[Site "Tel Aviv "]
[Date "1999.05.15"]
[Round "5"]
[White "Avrukh, Boris"]
[Black "Liss, Eran"]
[Result "1-0"]
[WhiteElo "2609"]
[BlackElo "2512"]

1.d4 Nf6 2.c4 g6 3.Nc3 d5 4.cxd5 Nxd5 5.e4 Nxc3 6.bxc3 Bg7 7.Bb5+ c6 8.Ba4 O-O
9.Ne2 c5 10.O-O Nc6 11.Be3 Na5 12.Rb1 cxd4 13.cxd4 Bd7 14.d5 Nc4 15.Bd4 Bxa4
16.Qxa4 Bxd4 17.Nxd4 Nb6 18.Qb3 Qd7 19.a4 e5 20.Nb5 Rfc8 21.Rfd1 Rc5 22.Qa3 Rc4
23.a5 Ra4 24.Qc3 Rc8 25.Qxe5 Rxa5 26.Nxa7 Nc4 27.Qd4 Rcc5 28.Nc6 Rab5 29.Ra1 Nb6
30.Ne5 Qd6 31.Ng4 Kf8 32.Qh8+ Ke7 33.e5 Qd8 34.Qf6+ Ke8 35.Qh8+ Ke7 36.d6+ Kd7
37.Qxh7 Ke6 38.Qh3  1-0

[Event "Kleve op"]
[Site "Kleve"]
[Date "1999.05.16"]
[Round "7"]
[White "Bock, Juergen"]
[Black "Hoffmann, Ulrich"]
[Result "1-0"]
[WhiteElo "2224"]
[BlackElo "2035"]

1.d4 Nf6 2.c4 g6 3.Nc3 d5 4.cxd5 Nxd5 5.e4 Nxc3 6.bxc3 Bg7 7.Bc4 c5 8.Ne2 Nc6
9.Be3 O-O 10.O-O Qc7 11.Rc1 Rd8 12.Bf4 Qd7 13.d5 Na5 14.Bb3 b5 15.Be3 Qc7
16.c4 b4 17.Nf4 e5 18.Nd3 Nb7 19.Ba4 Bd7 20.Bxd7 Rxd7 21.f4 f6 22.fxe5 fxe5
23.Kh1 Rd6 24.Qd2 Ra6 25.Qe2 Ra3 26.Rc2 Qe7 27.Bc1 Ra4 28.Qg4 Bf6 29.Rcf2 Rf8
30.Bh6 Rf7 31.Qc8+ Nd8 32.Nxc5 Ra3 33.Ne6  1-0

[Event "Tel Aviv super 1st"]
[Site "Tel Aviv "]
[Date "1999.05.16"]
[Round "6"]
[White "Huzman, Alexander"]
[Black "Sutovskij, Emil"]
[Result "1-0"]
[WhiteElo "2575"]
[BlackElo "2612"]

1.d4 Nf6 2.c4 g6 3.Nc3 d5 4.cxd5 Nxd5 5.e4 Nxc3 6.bxc3 Bg7 7.Nf3 c5 8.Rb1 O-O
9.Be2 Nc6 10.d5 Ne5 11.Nxe5 Bxe5 12.Qd2 e6 13.f4 Bg7 14.c4 b6 15.Bb2 Bxb2
16.Qxb2 exd5 17.cxd5 Re8 18.e5 Qxd5 19.Bf3 Qc4 20.Bxa8 Qxf4 21.Bf3 Rxe5+
22.Kf1 Qe3 23.Qe2 Qc3 24.Rb3 Qa1+ 25.Qd1 Qxa2 26.h4 h5 27.Kg1 Kg7 28.Rc3 Bf5
29.Qc1 Qa4 30.Rc4 Qe8 31.Qc3 Kh7 32.Kf2 Qe7 33.Re1 Rxe1 34.Qxe1 Qf6 35.Qc3 Qd6
36.Ra4 a5 37.Be2 Bd7 38.Re4 Bf5 39.Re8  1-0

[Event "Tel Aviv super 1st"]
[Site "Tel Aviv "]
[Date "1999.05.17"]
[Round "7"]
[White "Avrukh, Boris"]
[Black "Tseitlin, Mark D"]
[Result "0-1"]
[WhiteElo "2609"]
[BlackElo "2490"]

1.d4 Nf6 2.c4 g6 3.Nc3 d5 4.cxd5 Nxd5 5.e4 Nxc3 6.bxc3 Bg7 7.Bb5+ c6 8.Ba4 O-O
9.Ne2 c5 10.O-O Nc6 11.Be3 Na5 12.Rb1 Nc4 13.Bg5 Qc7 14.Qc1 b6 15.Bb5 Nd6
16.Bd3 f6 17.Bh4 e5 18.dxe5 fxe5 19.c4 Be6 20.Nc3 Qf7 21.Nd5 Bxd5 22.cxd5 Bf6
23.Bg3 Qe7 24.Qc3 Rae8 25.h3 Bg5 26.Bh2 h5 27.a4 c4 28.Bc2 Bf4 29.g3 Bh6
30.Rbe1 h4 31.gxh4 Bf4 32.Bg3 Qh7 33.Bd1 g5 34.Qa3 Rd8 35.h5 Qc7 36.Qc3 Qe7
37.Bg4 Qf6 38.Kg2 Kh7 39.Qb4 Rf7 40.Be6 Rc7 41.Qc3 Kh6 42.Rh1 Rf8 43.Re2 b5
44.Bg4 Bxg3 45.fxg3 bxa4 46.Rb1 Rb7 47.Rxb7 Nxb7 48.Bf5 Nd6 49.g4 Rb8 50.Rf2 Rb3
51.Qc1 a3 52.h4 c3 53.Rf3 Rb2+ 54.Kg3 a2 55.Bg6 Rb1 56.Qxc3 a1=Q 57.Qe3 Qf4+
58.Rxf4  0-1